[Event "FIDE Online-ch U18 Girls 2020"]
[Site "Online"]
[Date "2020.12.19"]
[Round "3.2"]
[White "Wang, Annie"]
[Black "Cervantes Landeiro, Thalia"]
[Result "0-1"]
[WhiteElo "2384"]
[BlackElo "2311"]
[Annotator "TA"]
[PlyCount "106"]
[EventDate "2020.12.18"]
[EventType "k.o."]
[EventCountry "NET"]
[SourceTitle "playchess.com"]
[Source "ChessBase"]
[SourceQuality "1"]

{[%evp 21,106,31,21,16,59,79,108,33,101,89,114,112,159,164,163,162,152,162,166,150,163,159,152,162,167,154,211,151,146,141,134,25,28,41,50,3,6,0,0,0,0,0,0,0,0,0,0,0,0,0,0,0,0,0,0,-216,-230,-249,-11,-217,-84,-70,-87,-546,-514,-592,-622,-1160,-1108,-1202,-1145,-4814,-4802,-1651,-1313,-29986,-29987,-29987,-29988,-29988,-29989,-29989,-29990,-29990,-29991,-29991,-29992]} 1. d4 d5 2. c4 dxc4 3. Nf3 Nf6 4. e3 e6 5. Bxc4 c5 6. O-O Nc6 7. dxc5 Qxd1 8. Rxd1 Bxc5 9. b3 a6 10. Bb2 b5 11. Be2 Bb7 12. Nbd2 {D27: Queen's Gambit Accepted: Classical main line: 7 e4!? and 7 a4.} Ke7 13. Rac1 {[#]} Bd6 $146 ({Predecessor:} 13... Bb6 14. Ne5 Rac8 15. Ba3+ Ke8 16. Nxc6 Rxc6 17. Rxc6 Bxc6 18. Rc1 Bb7 19. Bf3 Nd5 {1-0 (104) Bubanja,M (1738)-Blagojevic,T Cetinje 2009}) 14. Ng5 ({Better is} 14. e4 $16) 14... Nb4 (14... Rhc8 $14) 15. a3 $16 Nbd5 {[%cal Bb4d5,Bd5f4,Bf4e2][%mdl 32]} 16. Bf3 Nd7 17. e4 $1 $36 {[%cal Re4d5][%mdl 2048] White is on the roll.} (17. Bxg7 Rhg8 $15) 17... Nf4 18. e5 $1 {[%cal Re5d6]} ({Weaker is} 18. Bxg7 Rhg8 $15) 18... Bxe5 19. Bxe5 Bxf3 20. Ndxf3 (20. Ngxf3 Ne2+ 21. Kf1 Nxc1 $11) ({Resist} 20. Bxf4 $6 Bxd1 21. Rxd1 Nf6 $14) 20... Ne2+ 21. Kf1 Nxc1 22. Bd6+ ({Not} 22. Rxc1 f6 $11) 22... Kf6 23. Ne4+ Kg6 (23... Kf5 $16) 24. Rxc1 {Rc7 is the strong threat.} Rhc8 25. Rd1 f6 26. Bg3 (26. g4 $16) 26... Nc5 $11 27. Nd6 Rd8 28. b4 Ne4 29. Rd4 Nxd6 30. Bxd6 Rac8 31. Bc5 e5 32. Rxd8 Rxd8 33. Ke2 Kf5 34. Nd2 Ke6 35. Nb3 f5 36. Bb6 Rd6 37. Be3 Kd5 38. Kd3 $2 {[#]} (38. Nc5 $11 {and White has nothing to worry.}) 38... f4 $1 $19 {[%mdl 1024] Black has strong compensation.} 39. Bc1 e4+ $2 (39... Rh6 $19 40. h3 Rg6) 40. Kc3 $2 {[#]} (40. Ke2 $11) 40... g5 (40... Ke5 $1 $19 {has better winning chances.} 41. g3 g5) 41. Nc5 $17 Ke5 {White must now prevent ...Rd1.} 42. g3 $2 {[%mdl 8192]} (42. Bd2 $17 {is more resistant.}) 42... Rd1 $19 43. Bd2 Rf1 44. h4 Rxf2 45. gxf4+ gxf4 46. Nxa6 e3 47. Bc1 e2 48. Kd2 f3 {Black mates.} 49. Nc5 Rf1 50. Nd3+ Ke4 51. Nc5+ Kd5 52. Nd3 Rd1+ 53. Kc2 {[#]} Rxd3 $1 {[%mdl 576] Remove Defender, Promotion. Black used his chance.  Weighted Error Value: White=0.81/Black=0.27} 0-1

[Event "FIDE Online-ch U18 Girls 2020"]
[Site "Online"]
[Date "2020.12.19"]
[Round "3.2"]
[White "Solozhenkina, Elizaveta"]
[Black "Yip, Carissa"]
[Result "0-1"]
[WhiteElo "2271"]
[BlackElo "2421"]
[Annotator "TA"]
[PlyCount "120"]
[EventDate "2020.12.18"]
[EventType "k.o."]
[EventCountry "NET"]
[SourceTitle "playchess.com"]
[Source "ChessBase"]
[SourceQuality "1"]

{[%evp 9,120,42,59,45,62,53,63,60,56,55,80,71,79,78,100,22,12,0,17,0,0,-25,0,0,0,0,-8,-11,0,-12,-16,-7,0,-25,-39,-41,0,-6,17,-38,-30,-57,-15,-59,-42,-58,-60,-31,-45,-135,-120,-122,-60,-118,0,-31,-39,-53,-54,-85,-101,-129,-134,-158,-174,-210,-210,-221,-207,-204,-189,-308,-300,-308,-273,-279,-238,-462,-453,-496,-502,-463,-347,-448,-439,-1240,-1121,-1147,-1031,-10064,-29946,-29980,-29972,-29953,-4878,-29951,-6229,-4071,-2373,-6729,-6713,-29978,-29979,-29981,-29982,-29984,-29985,-29985,-29986,-29987,-29987,-29989,-29990]} 1. e4 g6 2. d4 Bg7 3. Nc3 d6 4. Nf3 a6 5. Be2 Nd7 6. O-O {B06: Modern Defence.} b5 7. a4 b4 8. Nd5 {White is slightly better.} a5 9. c3 Bb7 10. cxb4 e6 11. Nf4 axb4 12. d5 ({White should try} 12. Bc4 $16) 12... exd5 $11 {[#]} 13. exd5 $146 ({Predecessor:} 13. Nxd5 Ngf6 14. Nxb4 Bxe4 15. Bb5 O-O 16. Re1 c5 17. Nc6 Qc7 18. Ne7+ Kh8 19. Ng5 {½-½ (62) Demchenko,A (2641)-Pridorozhni,A (2597) chess.com INT 2020}) 13... Ngf6 14. Be3 O-O 15. h3 Ra5 {[%cal Rf6d5]} 16. Bb5 Qa8 17. Bd2 Nb6 18. Bxb4 Ra7 {[%cal Rf6d5]} 19. Bc3 Nbxd5 20. Nxd5 Bxd5 21. Bd4 c5 22. Bc3 Nh5 23. Bxg7 Kxg7 24. Ne1 ({Better is} 24. Ra3 $11) 24... Nf4 $15 {[%cal Rd5g2]} 25. f3 Ne6 {White should prevent ...Nd4.} 26. Ra3 Nd4 27. Nc2 Bb3 {[#]} 28. Rxb3 $1 {[%mdl 512]} Nxb3 29. Qxd6 (29. Qd3 $15 Na5 30. Qxd6) 29... Rd8 $1 $36 {[%cal Rd8d6][%mdl 2048] White is under strong pressure.} 30. Qe5+ Kg8 (30... f6 $17 31. Qc3 Nd4 32. Nxd4 cxd4) 31. Qc3 {[#]} (31. Re1 $15) 31... Nd2 (31... Nd4 $1 $17 32. Qxc5 Rd5) 32. Rd1 Qd5 {aiming for ...Nxf3+!} 33. Ne3 Qd4 34. Qxd4 Rxd4 {Black converts the advantage convincingly.} 35. Kf2 Kf8 36. Ke2 Nb3 37. Rxd4 Nxd4+ ({And not} 37... cxd4 38. Nd5 $11) 38. Kd3 Nxb5 39. axb5 $19 {[%mdl 4096] Endgame KR-KN} Ra4 40. Nc4 (40. Nc2 {is a better defense.}) 40... Rb4 41. b6 Ke7 42. Kc3 Ke6 43. g3 $2 (43. b3) 43... g5 44. b3 h5 45. Kc2 f6 46. Kc3 f5 47. f4 (47. g4 $142 fxg4 48. fxg4 hxg4 49. hxg4) 47... gxf4 48. gxf4 Kd5 49. Nd2 Rxb6 50. Kd3 Rg6 51. Nf1 Kd6 (51... Rg1 $142 52. Ne3+ Ke6 53. h4 Rg3 54. Ke2 Rh3 55. Kf2 Rxh4 56. Kg3 {[#]} Rg4+ $1 {[%mdl 512]} 57. Kf3 Rg1 58. Ng2 Rb1 59. Kg3 Rxb3+ 60. Kh4 c4 61. Ne1 c3 62. Nf3 Rb2 63. Kg5 Rg2+ 64. Kh4 c2 65. Kh3 c1=Q 66. Kxg2 Qxf4 67. Kf2 h4 68. Ke2 h3 69. Kf2 h2 70. Kg2 Qg4+ 71. Kh1 Qxf3+ 72. Kxh2 Qg4 73. Kh1 f4 74. Kh2 f3 75. Kh1 Qg2#) 52. Kc4 Rg1 53. Ne3 Rc1+ 54. Kd3 Ke6 55. Nc2 Rh1 {Black mates.} 56. Kc4 Rxh3 57. Ne1 Rg3 58. Nd3 h4 59. Nf2 {[#]} Rf3 $1 60. Nh1 Rf1 {Weighted Error Value: White=0.75/Black=0.25} 0-1

[Event "FIDE Online-ch U18 Girls 2020"]
[Site "Online"]
[Date "2020.12.19"]
[Round "3.3"]
[White "Yip, Carissa"]
[Black "Solozhenkina, Elizaveta"]
[Result "1-0"]
[WhiteElo "2421"]
[BlackElo "2271"]
[Annotator "TA"]
[PlyCount "103"]
[EventDate "2020.12.18"]
[EventType "k.o."]
[EventCountry "NET"]
[SourceTitle "playchess.com"]
[Source "ChessBase"]
[SourceQuality "1"]

{[%evp 11,103,28,30,-2,2,9,18,10,9,4,8,17,8,12,29,24,21,8,4,-50,2,-27,0,0,46,56,51,47,75,77,135,112,131,125,303,289,690,682,660,645,487,-304,-306,-538,-251,-324,-325,-307,-324,-333,-323,-381,-341,-375,-333,-541,-406,-537,-407,-1222,-1202,-1068,-1060,-1379,-937,-1063,-1058,-1058,-1050,-5297,-5197,-2037,-869,-988,0,-1143,-830,-664,0,-29991,-29992,-29992,-29993,-29993,-29991,-29993,-29968,-29967,-6714,-2419,-731,-891,-574,-695]} 1. e4 c6 2. d4 d5 3. Nd2 dxe4 4. Nxe4 Bf5 5. Ng3 Bg6 6. h4 h6 7. Bd3 {And now Bxg6 would win. B18: Classical Caro-Kann: 4...Bf5 sidelines.} Bxd3 8. Qxd3 e6 9. N1e2 {The position is equal.} Nf6 10. Bd2 Be7 11. O-O-O Nbd7 12. Kb1 {[#]} c5 $146 ({Predecessor:} 12... Qc7 13. c4 O-O-O 14. f3 c5 15. Bf4 Bd6 16. Bxd6 Qxd6 17. Qa3 Qb6 18. Nc3 cxd4 {1-0 (46) Dvirnyy,D (2485)-Garcia Palermo,C (2418) Premium Chess Arena INT 2020}) 13. Ne4 cxd4 14. Nxf6+ Nxf6 15. g4 ({White should try} 15. f3 $11) 15... Qb6 (15... Nxg4 $15 16. Qb5+ Qd7 17. Qxd7+ Kxd7) 16. g5 Nd5 (16... Ng4 $5 {[%cal Rg4f2]} 17. Rhf1 O-O-O $15) 17. Qc4 hxg5 18. hxg5 Rxh1 19. Rxh1 Kd7 20. Nxd4 {aiming for Qa4+.} Bc5 (20... Rg8 $142) 21. Qa4+ $16 Ke7 {[#]} 22. Nb3 $1 Bd6 $2 (22... a5 $16) 23. c4 $18 Nc7 $2 {[#]} (23... Qxf2 24. cxd5 Qf5+ 25. Ka1 Qxd5) 24. c5 $1 {[%cal Rc5b6][%mdl 512]} Bxc5 25. Nxc5 {White threatens Qd7+ and mate.} Qc6 26. Qb4 $4 {[%mdl 8192]} (26. Qh4 $18 {and all is fine.}) 26... Qxh1+ $19 27. Kc2 $2 (27. Bc1) 27... Ke8 (27... Qc6 $142 28. Kd1 a5) 28. Nxb7 {and the idea Nd6+ leaves White hopeful.} Qc6+ 29. Kb1 {If White can now play Nd6+ this consolidates a bit.} Nd5 30. Qb3 Rc8 31. Na5 Qa6 {( -> ...Qf1+)} 32. a4 Kf8 33. g6 $2 (33. Qb7 Qd3+ 34. Ka2) 33... fxg6 34. Qh3 Re8 35. Qh8+ (35. Qf3+ $142 Kg8 36. Qe4) 35... Kf7 36. Qh3 Qe2 {[%mdl 64] Double Attack} 37. Nb3 Qe4+ 38. Ka2 Qxa4+ 39. Kb1 Qe4+ 40. Kc1 Rc8+ 41. Kd1 Qb1+ 42. Ke2 Qe4+ 43. Kd1 $1 Qc2+ 44. Ke1 Qb1+ $2 ({Better is} 44... Rc4 $19 45. Qf3+ Kg8) 45. Nc1 $2 {[%mdl 8192]} (45. Ke2 $11 Qe4+ 46. Kd1) 45... Rxc1+ 46. Bxc1 Qxc1+ 47. Ke2 Qxb2+ 48. Kf1 Nc3 49. Qf3+ Ke7 50. Kg2 {Black is clearly winning.} Kd6 51. Qd3+ Ke5 {Hoping for ...Ne4.} 52. Qe3+ {[%mdl 32768] Weighted Error Value: White=0.75/Black=0.60. Loss on time!?} 1-0

[Event "FIDE Online-ch U18 Girls 2020"]
[Site "Online"]
[Date "2020.12.19"]
[Round "4.1"]
[White "Yip, Carissa"]
[Black "Cervantes Landeiro, Thalia"]
[Result "1-0"]
[WhiteElo "2421"]
[BlackElo "2311"]
[Annotator "TA"]
[PlyCount "131"]
[EventDate "2020.12.18"]
[EventType "k.o."]
[EventCountry "NET"]
[SourceTitle "playchess.com"]
[Source "ChessBase"]
[SourceQuality "1"]

{[%evp 19,131,-8,0,-38,-21,-53,-4,0,-8,0,9,6,20,11,30,29,14,30,33,0,29,43,43,27,27,41,33,46,71,63,96,95,81,4,110,105,112,116,179,180,181,178,229,174,192,193,191,104,104,104,105,114,162,156,278,278,278,272,278,254,270,267,355,352,429,394,368,357,565,561,549,539,532,404,400,334,405,385,370,269,249,256,254,75,85,85,90,85,250,250,244,244,266,235,231,186,791,795,748,705,1483,1155,29973,29976,29977,29978,29978,29979,29984,29985,29985,29985,29986,29986]} 1. e4 e5 2. Nf3 Nc6 3. d4 exd4 4. Bc4 Nf6 5. e5 d5 6. Bb5 Ne4 7. Nxd4 Bd7 8. Bxc6 bxc6 9. O-O Bc5 10. Be3 Bb6 11. c3 {C56: Two Knights: 4 d4 exd4 5 0-0 Nxe4.} O-O 12. f3 Ng5 13. f4 {The position is equal.} Ne4 14. Nd2 Nxd2 15. Qxd2 f6 16. Nf3 Bf5 17. a4 a5 {[#]} 18. Nd4 $146 ({Predecessor:} 18. Bxb6 cxb6 19. Nd4 Qd7 20. Nxf5 Qxf5 21. Qd4 Rab8 22. b4 Rfe8 23. Rae1 fxe5 24. fxe5 {½-½ (38) Barsch,H-Zehm,W DDR 1974}) 18... Qd7 19. Rae1 {Hoping for e6!} Rae8 20. Nxf5 Qxf5 21. Bxb6 cxb6 22. Qd4 Rb8 23. h3 Qe6 24. f5 fxe5 25. Rxe5 ({Of course not} 25. fxe6 Rxf1+ 26. Rxf1 exd4 $15) 25... Qf6 26. Rfe1 ({White should try} 26. Qe3 $16) 26... Rfd8 (26... b5 $11) 27. Qg4 $16 Rf8 28. Re7 Rf7 (28... h5 $16 29. Qg3 (29. Qxh5 Qxf5 30. Qh4 Rf7 $16) 29... h4) 29. R7e6 $1 $18 {[%cal Re6f6]} Qd8 30. Rxc6 Qd7 (30... d4 {is a better defense.} 31. cxd4 Qd5) 31. Rce6 Rbf8 32. f6 ({Don't play} 32. Rxb6 $6 Rxf5 33. Qd4 Rf4 $16) 32... b5 33. axb5 (33. Qg3 $18) 33... Qxb5 $16 34. fxg7 $1 Rxg7 35. Qe2 Qxe2 36. R1xe2 Rg6 (36... Rd7 $16 {was called for.} 37. Ra6 d4 38. cxd4 (38. Rxa5 dxc3 39. Rg5+ Kh8 $18) 38... Rf5 39. Re8+ Kg7) 37. Rxg6+ $1 $18 hxg6 {[%mdl 4096] Endgame KR-KR} 38. Re6 Kf7 39. Ra6 Rb8 40. Rxa5 Ke6 41. b4 Rc8 42. Rc5 Rb8 43. Kf2 Ke5 (43... d4 $142 44. cxd4 Rxb4) 44. Ke3 Ra8 45. Rc6 Ra3 46. Kf2 g5 47. Rc8 Kf4 48. Rf8+ Ke4 49. Rf3 Ra2+ 50. Kg3 Rc2 51. Kh2 $2 (51. Kg4 $1 $18 {is the precise move to win.}) 51... Rc1 $16 {[#]} 52. Rg3 $1 Kf5 53. Rd3 Ke4 $2 {[#] A mistake that costs the game.} (53... Ke5 $16 54. Rf3 Ke4) 54. Rf3 $1 $18 Rc2 55. Kg3 Rb2 56. Kg4 Rxg2+ 57. Rg3 Rb2 $2 (57... Rf2 58. Kxg5 Rf8) 58. Kxg5 Ke5 59. h4 d4 60. cxd4+ Kxd4 61. h5 {White mates.} Ke5 62. Rg4 Ke6 63. Kg6 Ke5 64. h6 Rh2 65. h7 Ke6 66. Kg7 {Weighted Error Value: White=0.19/Black=0.46} 1-0

[Event "FIDE Online-ch U18 Girls 2020"]
[Site "Online"]
[Date "2020.12.19"]
[Round "4.1"]
[White "Solozhenkina, Elizaveta"]
[Black "Wang, Annie"]
[Result "1/2-1/2"]
[WhiteElo "2271"]
[BlackElo "2384"]
[Annotator "TA"]
[PlyCount "116"]
[EventDate "2020.12.18"]
[EventType "k.o."]
[EventCountry "NET"]
[SourceTitle "playchess.com"]
[Source "ChessBase"]
[SourceQuality "1"]

{[%evp 30,116,37,27,43,15,13,13,15,7,7,7,7,7,9,-11,0,0,0,0,0,0,0,0,0,0,121,97,93,36,79,0,54,0,0,0,0,0,0,-39,-45,-36,-34,-23,0,-29,-33,-66,0,0,0,0,0,0,0,0,0,0,0,-216,-135,-177,0,0,0,0,0,-260,8,8,8,8,8,8,8,0,8,0,8,0,8,8,8,8,8,8,8,8,8]} 1. e4 c5 2. Nf3 d6 3. d4 cxd4 4. Nxd4 Nf6 5. Nc3 Nc6 6. Bg5 e6 7. Qd2 a6 8. O-O-O Bd7 9. f4 Be7 10. Nf3 b5 11. Bxf6 gxf6 12. Kb1 Qb6 13. f5 O-O-O 14. fxe6 fxe6 15. g3 Kb8 16. Bh3 Na5 $1 {[%mdl 4] is recently more successful than 16...Bc8. B69: Sicilian: Richter-Rauzer: 7...a6 8 0-0-0 Bd7 9 f4 Be7 10 Nf3 b5 11 Bxf6.} 17. Nd4 b4 $1 {[%cal Rb4c3]} 18. Nce2 e5 19. Bxd7 Rxd7 20. Nf5 Nc4 21. Qd3 Rc8 {[#]} 22. Rc1 $146 ({Predecessor:} 22. Ka1 Bf8 23. b3 Na3 24. c4 bxc3 25. Nxc3 d5 26. Nxd5 Qf2 27. Rhf1 Nc2+ 28. Kb2 {½-½ (64) Navara,D (2734)-Saric,I (2681) Patras 2019}) 22... Bf8 23. Rhd1 Rdc7 24. Ka1 Rc6 25. b3 Na3 {[%cal Rc6c2]} 26. c4 bxc3 27. Rxc3 Nb5 (27... Qf2 $11 {remains equal.}) 28. Rxc6 $1 $16 Rxc6 29. Kb2 (29. Ne3 $16) 29... Qf2 {[#]} 30. Rd2 ({White should play} 30. a4 $1 $16 {[%cal Ra4b5]} Nc7 31. Rd2) 30... Qc5 (30... d5 $1 $11 31. a4 dxe4) 31. Rc2 (31. a4 $1 $14 Nc7 32. g4) 31... Qa3+ $11 32. Kb1 Rxc2 33. Qxc2 Qb4 34. Qd3 d5 35. exd5 ({Not} 35. Qxd5 $2 Qe1+ 36. Kc2 Qxe2+ $19) 35... Qe1+ 36. Kb2 Ba3+ 37. Kc2 Qa1 {Strongly threatening ...Bb4.} 38. d6 {d7 is the strong threat.} Qxa2+ (38... Bb4 $15 39. Nc1 Ba3) 39. Kd1 Qa1+ 40. Kd2 {Black must now prevent d7.} Bb4+ 41. Ke3 {And now d7 would win.} Bc5+ 42. Kf3 Qh1+ {[%mdl 64] Double Attack} 43. Kg4 Qxh2 {( -> ...h5+)} 44. Nh4 $2 (44. Nf4 $1 $11 {and White is okay.} Nxd6 45. Nxd6 exf4 46. Ne4 f5+ {[%mdl 64] Decoy} 47. Kxf5 Qh5+ 48. Kxf4) 44... Bxd6 45. Nc3 {[#]} Nd4 $2 ({Inferior is} 45... h5+ 46. Kxh5 Bc7 47. Nxb5 $11) ({Better is} 45... Bc7 $1 $19 {Threatens to win with ...Nxc3.} 46. Ne4 Qh1) 46. Qxa6 Bc7 {Hoping for ...h5+!} 47. Nd5 {[#]} f5+ $1 {[%mdl 512]} 48. Kh5 $2 {[%mdl 8192]} (48. Nxf5 $11 Nxf5 49. Qb5+ Kc8 50. Qe8+ Kb7 51. Kxf5 Qxg3 52. Nxc7 Qf4+ 53. Ke6 Kxc7 54. Qe7+ Kc6 55. Qxh7) 48... Qe2+ $2 (48... Qxg3 $19 49. Qf6 Qg4+ 50. Kh6 Qe4 51. Nxc7 Kxc7 52. Kxh7 f4+ 53. Ng6 Nc6) 49. Qxe2 {The position is equal.} Nxe2 50. Nxf5 e4 51. Nxc7 Kxc7 {[%mdl 4096] Endgame KN-KN} 52. g4 Nc1 53. b4 Nd3 54. Kh6 Ne5 55. Ne3 Kc6 56. Kxh7 Nxg4 57. Nxg4 Kb5 58. Kg6 Kxb4 {Weighted Error Value: White=0.33/Black=0.28} 1/2-1/2

[Event "FIDE Online-ch U18 Girls 2020"]
[Site "Online"]
[Date "2020.12.19"]
[Round "4.2"]
[White "Wang, Annie"]
[Black "Solozhenkina, Elizaveta"]
[Result "1/2-1/2"]
[WhiteElo "2384"]
[BlackElo "2271"]
[Annotator "TA"]
[PlyCount "195"]
[EventDate "2020.12.18"]
[EventType "k.o."]
[EventCountry "NET"]
[SourceTitle "playchess.com"]
[Source "ChessBase"]
[SourceQuality "1"]

{[%evp 9,195,-10,12,0,0,0,18,34,27,30,31,0,16,7,17,14,57,53,52,51,45,22,13,-16,-16,-14,-16,-6,-10,-20,-18,-8,-17,-22,-12,-15,127,9,8,9,5,0,0,0,0,0,0,-20,0,-76,-66,-69,-61,-93,-95,-119,-126,-123,-74,-95,-109,-466,-476,-510,-513,-484,-408,-556,-543,-673,-654,-662,-338,-309,0,0,0,0,0,0,0,0,0,0,0,0,0,0,0,0,0,0,0,0,0,0,0,0,0,0,0,0,0,0,0,0,0,0,0,0,0,0,0,0,0,0,0,0,0,0,0,0,0,0,0,-5110,0,-5110,0,0,0,0,0,0,0,0,0,0,0,0,0,0,0,0,0,0,0,0,0,0,0,0,0,0,0,0,0,0,0,0,0,0,0,0,0,0,0,0,0,0,0,0,0,0,0,0,0,0,0,0,0,0,0,0,0,0,0,0]} 1. d4 Nf6 2. c4 e6 3. Nf3 b6 4. Bf4 Bb7 5. e3 Be7 6. Bd3 {E12: Queen's Indian: Unusual White 4th moves, 4 a3, 4 Nc3 Bb7 5 a3 and 4 Nc3 Bb7 .} Nh5 7. Bg3 Nxg3 8. hxg3 h6 9. Nc3 d6 10. e4 Nd7 11. Qe2 {[#]} c5 $146 ({Predecessor:} 11... a5 12. O-O O-O 13. e5 Bxf3 14. gxf3 dxe5 15. dxe5 Nxe5 16. Bc2 Bf6 17. Kg2 g6 {0-1 (29) Cui,C (1726)-Rzali,S (1916) Aktobe 2019}) 12. d5 Bf6 13. Nb5 Ne5 14. Nxe5 dxe5 15. dxe6 fxe6 16. Qh5+ Ke7 17. Rd1 Qe8 18. Qe2 Qc6 19. Bc2 a6 20. Nc3 $132 {[%mdl 2048] White has counterplay} Rad8 21. O-O Rd4 22. f4 $1 exf4 (22... Kd8 $11 {remains equal.}) 23. Nd5+ (23. e5 $1 $16 {[%cal Re5f6]} Bxe5 24. Nd5+ $1 {[%mdl 576] Double Attack} Kd8 25. Qxe5 {[%mdl 64] Double Attack} exd5 26. Qxg7 (26. Rxd4 cxd4 27. Qb8+ Bc8 $14)) 23... Kd8 $1 $11 24. Nxf6 gxf6 25. gxf4 Kc8 26. Rxd4 cxd4 27. Bd3 Rg8 28. b4 Kb8 29. b5 (29. f5 $11) 29... axb5 30. cxb5 Qc3 31. f5 e5 32. Rf3 {With the idea Bc4.} Qc1+ 33. Kh2 Rg4 34. a4 h5 35. Rg3 $2 {[%mdl 8192]} (35. Rf1 $17 {is a better chance.} Rh4+ 36. Kg1) 35... Qf4 $1 $19 {[%csl LRe4,LRg3]} 36. Qf3 {Now Qxf4 and White clings on.} Bxe4 37. Qxf4 Rxf4 {[%mdl 4096] Endgame KRB-KRB} 38. Rg8+ Kc7 39. Rg7+ Kd6 40. g3 Bxd3 41. gxf4 {[#]} Bxf5 $2 (41... e4 $1 $19 {[%cal Re4e3]} 42. Kg2 e3) 42. fxe5+ fxe5 {[#] KR-KB} 43. a5 $1 {[%mdl 512]} bxa5 {aiming for ...Kc5.} 44. b6 Be4 45. b7 {[#]} Bxb7 $1 {[%mdl 512]} 46. Rxb7 $11 {KR-KP} Kc5 47. Kg3 Kc4 48. Kf3 a4 49. Re7 a3 50. Rxe5 {KR-K3P} a2 51. Re1 h4 52. Ke4 h3 53. Rc1+ Kb3 54. Kxd4 {KR-KPP} Kb2 55. Rh1 a1=Q 56. Rxh3 {KQ-KR} Qa4+ 57. Ke5 Qg4 58. Re3 Kc2 59. Re4 Qg5+ 60. Kd4 Kd2 61. Re5 Qg1+ 62. Ke4 Kc3 63. Rd5 Qg4+ 64. Ke5 Kc4 65. Rd6 Qe2+ 66. Kf5 Kc5 (66... Qe1 {is more complex.} 67. Rg6 Qb1+ 68. Kg5 Kc3 69. Kh5 Qb7) 67. Re6 $2 {[%mdl 8192]} (67. Rf6 $11 Kd5 68. Kg5) 67... Qf3+ $2 (67... Qh5+ $19 68. Kf4 Qh4+ 69. Kf5 Kd5 70. Re5+ Kd4 71. Re6 Qh5+ 72. Kf6 Kd5 73. Re7 Qh6+ 74. Kf7 Kd6 75. Kg8 Qg6+ 76. Rg7 Qe8+ 77. Kh7 Qh5+ 78. Kg8 Ke6 79. Rb7 Qd5 80. Rf7 Qc4 81. Kf8 Qc5+ 82. Kg8 Qd5 83. Rg7 Kf6+ 84. Kh8 Qh1+ 85. Kg8 Qh5 86. Rg1 Qd5+ 87. Kh7 Qe4+ 88. Kh8 Qa8+ 89. Kh7 Qa7+ {[%mdl 64] Double Attack} 90. Kg8 Qxg1+ 91. Kf8 Qg7+ 92. Ke8 Qe7#) 68. Ke5 $2 {[%mdl 8192] [#]} (68. Kg6 $11 Kd5 69. Re8 Qg4+ 70. Kh6 Qf4+ 71. Kg7) 68... Qd5+ $2 ({Black should play} 68... Qh5+ $1 $19 69. Kf4 Qh4+ 70. Kf5 Kd5 71. Re5+ Kd4 72. Re6 Qh5+ 73. Kf6 Kd5 74. Re7 Qh6+ 75. Kf7 Kd6 76. Kg8 Qg6+ 77. Kh8 Qh6+ 78. Kg8 Qg6+ 79. Kh8 Qh5+ 80. Rh7 Qe8+ 81. Kg7 Ke7 82. Rh1 Qf7+ 83. Kh6 Qf6+ 84. Kh5 Qh8+ 85. Kg5 Qxh1 86. Kf4 Qe1 87. Kf3 Kf6 88. Kg2 Kf5 89. Kh2 Kg4 90. Kg2 Qd2+ 91. Kf1 Kg3 92. Kg1 Qg2#) 69. Kf6 {The position is equal.} Kd4 70. Ke7 Qc5+ 71. Kf6 Qf8+ 72. Kg5 Kd5 (72... Qf1 {is more complex.} 73. Kg6 Kd5 74. Rf6 Qe2 75. Rf5+ Ke4) 73. Rf6 (73. Re2 {keeps more tension.} Qg8+ 74. Kf6 Qc8 75. Rd2+ Ke4 76. Re2+) 73... Qg7+ (73... Qa3 {with more complications.} 74. Rf5+ Ke4 75. Rf4+ Ke5 76. Rf7 Qd3) 74. Kf5 Qe7 75. Kg6 Ke5 76. Rf5+ Ke6 77. Rf4 Ke5 (77... Qa3 {looks sharper.} 78. Rf6+ Ke7 79. Rf7+ Kd8 80. Kh7 Qd6) 78. Rf5+ Ke4 {Hoping for ...Qe6+.} 79. Rf6 Qe8+ 80. Kg5 Qg8+ (80... Ke5 {is interesting.} 81. Rf5+ Ke4 82. Rf4+ Kd3 83. Kf5 Qg8) 81. Rg6 Qd5+ 82. Kf6 Kf4 {...Qd8+ is the strong threat.} 83. Kg7 Qe5+ 84. Kf7 Kf5 85. Rh6 Qc7+ (85... Qa1 $5 {[%cal Ra1a7]} 86. Rh5+ Kf4 $19) 86. Ke8 Qg7 87. Ra6 Qb7 (87... Qe5+ $2 88. Kd7 $19) 88. Rh6 Qc8+ 89. Ke7 Qc7+ 90. Ke8 Qe5+ (90... Qc1 {feels hotter.} 91. Rd6 Qf4 92. Rc6 Qa4 93. Kd7 Ke5) 91. Kf7 Qd5+ (91... Qa1 {seems wilder.} 92. Rh5+ Ke4 93. Rh4+ Ke3 94. Rh6 Qa7+) 92. Ke7 Qc5+ 93. Kf7 {White wants to mate with Rh5+.} Qc4+ 94. Ke7 Qe4+ 95. Kf7 Kg5 (95... Qb1 $5 {[%cal Rb1b3]} 96. Ke7 Qb7+ 97. Kd8 Qa8+ 98. Kc7 Qa7+ 99. Kc8 Qe7 $19) 96. Rd6 Qe5 97. Rg6+ Kf5 {( -> ...Qc7+)} 98. Rh6 {Accuracy: White = 75%, Black = 81%.} 1/2-1/2

[Event "FIDE Online-ch U18 Girls 2020"]
[Site "Online"]
[Date "2020.12.19"]
[Round "4.2"]
[White "Cervantes Landeiro, Thalia"]
[Black "Yip, Carissa"]
[Result "1/2-1/2"]
[WhiteElo "2311"]
[BlackElo "2421"]
[Annotator "TA"]
[PlyCount "84"]
[EventDate "2020.12.18"]
[EventType "k.o."]
[EventCountry "NET"]
[SourceTitle "playchess.com"]
[Source "ChessBase"]
[SourceQuality "1"]

{[%evp 11,84,6,14,0,7,6,25,12,14,6,7,0,0,0,0,0,0,-10,0,11,8,-18,0,0,5,7,24,-29,-12,-29,18,0,0,0,0,0,0,0,0,0,0,0,0,0,0,0,0,0,0,0,0,-8,0,-22,20,0,0,-64,-70,-97,-95,-60,-90,-143,-143,-150,-132,-130,-72,-87,0,-118,0,-86,0]} 1. d4 d5 2. c4 e6 3. Nc3 Bb4 4. e3 Nf6 5. Bd3 O-O 6. Nf3 b6 7. cxd5 {E52: Nimzo-Indian: Rubinstein: 4...0-0 5 Nf3 d5 6 Bd3 b6.} exd5 8. O-O Ba6 9. Bxa6 {White has an edge.} Nxa6 10. Qd3 {10.Bd2 is setting a new trend.} Qc8 11. a3 Bxc3 12. Qxc3 c5 {[#]} 13. b3 $146 ({Predecessor:} 13. dxc5 bxc5 14. b3 Rb8 15. Bb2 Qb7 16. Nd2 Rfe8 17. Rab1 Rbd8 18. Rfe1 Re6 19. Qc2 {½-½ (104) Yim,S (2271)-Wang,J (2391) Irving 2018}) 13... Ne4 14. Qd3 c4 15. bxc4 Qxc4 16. Ne5 Qxd3 17. Nxd3 Rac8 18. Nf4 Rfd8 19. a4 (19. f3 $142 Nf6 20. Bb2) 19... Nb4 $11 20. f3 Nd6 21. Bd2 Nc6 22. Nxd5 Nc4 23. Rfc1 Nxd4 $1 ({Much worse is} 23... Nxd2 $6 {[#]} 24. Rxc6 $1 {[%mdl 512]} Kf8 25. Nc7 $16) 24. Ne7+ {[%mdl 64] [#] Double Attack} Kf8 {And now ...Ne2+ would win.} 25. Nxc8 Ne2+ 26. Kf2 Nxc1 27. Bb4+ Ke8 {Threatens to win with ...Nd3+.} 28. Rxc1 Rxc8 {[%mdl 4096] Endgame KRB-KRN} 29. e4 Kd7 30. Ke2 g6 31. g4 a5 32. Bc3 Rc6 33. f4 Nd6 34. Kd3 (34. e5 $11 Nb7 35. Rd1+ Kc7 36. Bd4) 34... Nb7 $1 $15 35. Ke3 Rc4 36. Rd1+ Kc6 37. Bf6 (37. Bd4 $142) 37... Rxa4 $17 38. e5 Ra3+ 39. Ke2 Ra2+ (39... Rh3 $142 40. f5 gxf5 41. gxf5 a4 42. Rc1+ Nc5) 40. Ke3 Ra3+ (40... Rxh2 $2 41. f5 $17) 41. Ke2 $1 Ra2+ 42. Ke3 Ra3+ {Weighted Error Value: White=0.11/Black=0.14} (42... Rxh2 $2 43. f5 $17) (42... Rc2 $17 43. f5 gxf5 44. gxf5 Rxh2) 1/2-1/2